000 00831nam a2200253Ia 4500
003 OSt
005 20221005112105.0
006 a|||||r|||| 00| 0
007 ta
008 221004b |||||||| |||| 00| 0 hin d
024 _a109419
037 _cTextual
040 _aCRL
_cCRL
_bhin
041 _2hin
_ahin
082 _aO152,1:gN, K5
100 _aविष्णुस्वरूप
245 0 _aनया साहित्य
_b कुछ पहलू
246 _aNayā sāhitya: kuchh pahalū
260 _aहैदराबाद
_bउत्कर्ष प्रकाशन भारत
_c1965
300 _a76पृ0
_ccm.
650 _aहिन्दी साहित्य
942 _hO152,1:gN, K5
_cTEXL
_2cc
999 _c1023795
_d1023795